[Event "DOM-ch"]
[Site "Santo Domingo"]
[Date "2010.04.11"]
[Round "4"]
[White "Sosa Moran, Anthony Marc"]
[Black "Guzman, Christopher"]
[Result "0-1"]
[WhiteElo "2001"]
[BlackElo "2109"]
[PlyCount "70"]
[EventDate "2010.04.09"]
[EventType "swiss"]
[EventRounds "11"]
[EventCountry "DOM"]
[SourceTitle "EXT 2012"]
[Source "ChessBase"]
[SourceDate "2011.11.24"]
[SourceVersion "1"]
[SourceVersionDate "2011.11.24"]
[SourceQuality "1"]

1. d4 Nf6 2. c4 c5 3. Nf3 g6 4. Nc3 Bg7 5. e3 0-0 6. Be2 e6 7. 0-0 Qc7 8. a3 d6 9. Qc2 Nc6 10. dxc5 dxc5 11. Rd1 b6 12. b3 Bb7 13. Bb2 Rad8 14. Rxd8 Rxd8 15. Rd1 Rd7 16. Rd2 Qd8 17. Rxd7 Qxd7 18. Qd2 Kf8 19. Kf1 Na5 20. Qc2 Qc6 21. Na4 Qd7 22. Ne5 Qd6 23. Bf3 Ne4 24. Nd3 Nxb3 25. Bxg7+ Kxg7 26. Kg1 Na5 27. h3 Bc6 28. Nab2 Ng5 29. Bxc6 Qxc6 30. Ne5 Qe4 31. Qc3 Qb1+ 32. Kh2 Ne4 33. Qd3 Qxd3 34. Nexd3 Nd2 35. Ne5 f6 0-1